00516nam a2200181Ia 450000500170000000800410001702000180005804100120007608200160008810000200010424500820012426000420020630000180024865000210026665000180028765000140030565000150031920260429111947.0260429s9999||||xx |||||||||||||| ||und|| a9788196913922 aEnglish a659.14bXAV aXavier, Anthony 0aStrategic communications in PR, social media and marketing / cAnthony Xavier aNew Delhi : bAsia Publishers,c2024. ax, 272 p.; hb a Public relation a Social media a Strategy aManagement